Tirumalarya (Record no. 85680)
[ view plain ]
| 000 -LEADER | |
|---|---|
| fixed length control field | 00692nam a2200229Ia 4500 |
| 003 - CONTROL NUMBER IDENTIFIER | |
| control field | OSt |
| 005 - DATE AND TIME OF LATEST TRANSACTION | |
| control field | 20241003122928.0 |
| 008 - FIXED-LENGTH DATA ELEMENTS--GENERAL INFORMATION | |
| fixed length control field | 210210b1980 xxu||||| |||| 00| 0 eng d |
| 040 ## - CATALOGING SOURCE | |
| Transcribing agency | AL |
| 041 ## - LANGUAGE CODE | |
| Language code of text/sound track or separate title | Kannada |
| 082 ## - DEWEY DECIMAL CLASSIFICATION NUMBER | |
| Classification number | K894.9 SITT |
| 100 ## - MAIN ENTRY--PERSONAL NAME | |
| Personal name | SITARAMAYYA (V), Ed. |
| Dates associated with a name | ವಿ.ಸೀತಾರಾಮಯ್ಯ |
| 9 (RLIN) | 157947 |
| 245 ## - TITLE STATEMENT | |
| Title | Tirumalarya |
| Remainder of title | ತಿರುಮಲಾರ್ಯ |
| 260 ## - PUBLICATION, DISTRIBUTION, ETC. | |
| Place of publication, distribution, etc. | Bengaluru |
| Name of publisher, distributor, etc. | Ai Bi Ech Prakashana |
| Date of publication, distribution, etc. | 1980 |
| 300 ## - PHYSICAL DESCRIPTION | |
| Extent | iv,172 |
| 440 ## - SERIES STATEMENT/ADDED ENTRY--TITLE | |
| Title | 17 |
| 9 (RLIN) | 157948 |
| 650 ## - SUBJECT ADDED ENTRY--TOPICAL TERM | |
| Topical term or geographic name entry element | Kavi Kavya Parampare |
| 9 (RLIN) | 157949 |
| 690 ## - LOCAL SUBJECT ADDED ENTRY--TOPICAL TERM (OCLC, RLIN) | |
| Topical term or geographic name as entry element | Kannada Criticism |
| 9 (RLIN) | 157950 |
| 700 ## - ADDED ENTRY--PERSONAL NAME | |
| Personal name | Suryanatha Kamath |
| Dates associated with a name | ಸೂರ್ಯನಾಥ ಕಾಮತ್ |
| 9 (RLIN) | 157951 |
| 906 ## - LOCAL DATA ELEMENT F, LDF (RLIN) | |
| a | 035023 |
| 942 ## - ADDED ENTRY ELEMENTS (KOHA) | |
| Source of classification or shelving scheme | Dewey Decimal Classification |
| Koha item type | Book |
| Withdrawn status | Lost status | Damaged status | Not for loan | Collection code | Home library | Current library | Shelving location | Date acquired | Cost, normal purchase price | Total Checkouts | Full call number | Barcode | Date last seen | Price effective from | Koha item type |
|---|---|---|---|---|---|---|---|---|---|---|---|---|---|---|---|
| St Aloysius Library | St Aloysius Library | 02/17/2021 | 18.00 | K894.9 SITT | 035023 | 02/17/2021 | 02/17/2021 | Book |